000 00923nam a2200277Ia 4500
001 Para_1132
003 CHAP
008 220125s1997 xx 000 0 und d
010 _a199786
040 _cCHAP
090 _aPA TESIS 1098
100 _aFlores Camalla, Enrique
_9164868
245 _aUn modelo de unidades de calor para el manejo integrado del moho gris (Botrytis cinerea pers. Ex. Fr.) en el cultivo del rosal /
_c por Enrique Flores Camalla
260 _aChapingo, Méx. :
_b El autor
300 _a77 h.
502 _aTesis (Ing. Agr. Esp. en Parasitología Agrícola), UACh. Depto. Parasitología
650 _aRosas
_x plagas
_999982
710 _aUACh. Departamento Parasitología Agrícola
_9164025
901 _aPA TESIS 1098
902 _aA
905 _a0000001997 a 0000000000 00
910 _a1997
942 _cPARA
942 _cPARA
_d1
999 _c199786
_d199786